[Andenna, Cristina (et al.): Die Ordnung der Kommunikation und die Kommunikation der Ordnungen, Bd. 2: Zentralität]
| Titel: | [Andenna, Cristina (et al.): Die Ordnung der Kommunikation und die Kommunikation der Ordnungen, Bd. 2: Zentralität] / Brett Edward Whalen |
|---|---|
| Verfasser: | |
| In: |
Speculum, Band 90, Heft 3 (2015), Seite 764-765 alle Artikel anzeigen |
| Veröffentlicht: | 2015 |
| Format: | Aufsatz |
| Sprache: | Englisch |
X
alg: 47321167 001A $03025:03-12-20 001B $01999:03-12-20 $t22:59:49.000 001D $03025:03-12-20 001U $0utf8 001X $00 002@ $0Aou 002C $aText $btxt $2rdacontent 002D $aohne Hilfsmittel zu benutzen $bn $2rdamedia 002E $aBand $bnc $2rdacarrier 003@ $047321167X 007A $047321167X $aHEB 010@ $aeng 010E $erda 011@ $a2015 013D $#Newspapers Sections, columns, etc. Reviews $#Book reviewing $#Journaux Cahiers, chroniques, etc. Comptes rendus $#Livres Recension $#Rezension $#Buchbesprechung $#Buchrezension $#Buchkritik $74049712-4 $8Rezension [Ts1] $9085138568 021A $a[Andenna, Cristina (et al.): Die Ordnung der Kommunikation und die Kommunikation der Ordnungen, Bd. 2: Zentralität] $hBrett Edward Whalen 028A $BVerfasser $#Whalen, Brett E. $4aut $71046459597 $8Whalen, Brett Edward [Tp3] $9335558666 031A $d90 $e3 $h764-765 $j2015 039B $aEnthalten in $8--Abvc--. Speculum. - Chicago, Ill. : University of Chicago Press, 1926-. - ISSN 0038-7134 $x201500000900003236 $9047279540 039T $8--Afu--. Die @Ordnung der Kommunikation und die Kommunikation der Ordnungen ; 2. Zentralität: Papsttum und Orden im Europa des 12. und 13. Jahrhunderts. - Stuttgart : Steiner, 2013. - 331 S.. - graph. Darst.. - ISBN 978-3-515-10301-5 $9333933699 045T $a5,1 $a7,26 $a8 $a1 045T $aAVL $qDE-30 $2FID lok: 47321167 78 exp: 47321167 78 1 #EPN 201B/01 $003-12-20 $t15:32:38.000 201C/01 $003-12-20 201U/01 $0utf8 203@/01 $01131674081 204P/01 $010.1017/S0038713415001128 208@/01 $a03-12-20 $be 209A/01 $a/ $f000 $x00 209A/01 $ab*p $x01 220C/01 $apgar 247C/01 $82080>Marburg/Lahn, Herder-Institut, Forschungsbibliothek, Bibliographieportal $9336309341
| LEADER | 00000caa a2200000 c 4500 | ||
|---|---|---|---|
| 001 | 47321167X | ||
| 003 | DE-603 | ||
| 005 | 20201203225949.0 | ||
| 007 | tu | ||
| 008 | 201203s2015 xx |||| | u00||u|eng c | ||
| 035 | |a (DE-599)HEB47321167X | ||
| 040 | |a DE-603 |b ger |c DE-603 |d DE-603 |e rda | ||
| 041 | |a eng | ||
| 084 | |a 5,1 |a 7,26 |a 8 |a 1 |2 ssgn | ||
| 084 | |a AVL |q DE-30 |2 fid | ||
| 100 | 1 | |a Whalen, Brett Edward |e Verfasser |4 aut |0 (DE-603)335558666 |0 (DE-588)1046459597 |2 gnd | |
| 245 | 0 | 0 | |a [Andenna, Cristina (et al.): Die Ordnung der Kommunikation und die Kommunikation der Ordnungen, Bd. 2: Zentralität] |c Brett Edward Whalen |
| 264 | 0 | |c 2015 | |
| 336 | |a Text |b txt |2 rdacontent | ||
| 337 | |a ohne Hilfsmittel zu benutzen |b n |2 rdamedia | ||
| 338 | |a Band |b nc |2 rdacarrier | ||
| 655 | 7 | |a Rezension |2 gnd-content |0 (DE-588)4049712-4 |0 (DE-603)085138568 | |
| 773 | 0 | 8 | |i Enthalten in |t Speculum |d Chicago, Ill. : University of Chicago Press, 1926- |h 25 cm |x 0038-7134 |g Band 90, Heft 3 (2015), Seite 764-765 |w (DE-603)047279540 |w (DE-600)204670-2 |
| 787 | 0 | 8 | |i Rezension von |t Die Ordnung der Kommunikation und die Kommunikation der Ordnungen ; 2. Zentralität: Papsttum und Orden im Europa des 12. und 13. Jahrhunderts |d Stuttgart : Steiner, 2013 |h 331 S., graph. Darst. |z 9783515103015 |z 3515103015 |w (DE-603)333933699 |
| 924 | 0 | |9 2080 |a (DE-603)1131674081 |b DE-2080 |c HES |d d |g / | |


